| 000 | 00000nam 2200000zi 4500 |
| 001 | 9.918956 |
| 003 | CaOODSP |
| 005 | 20230215105642 |
| 006 | m o d f |
| 007 | cr mn||||||||| |
| 008 | 230110t20232023quca ob f000 0 eng d |
| 020 | |a9780660470122 |
| 040 | |aCaOODSP|beng|erda|cCaOODSP |
| 043 | |an-cn-on |
| 045 | |ay2y2 |
| 086 | 1 |aTU3-10/21-0069E-1-PDF |
| 110 | 2 |aTransportation Safety Board of Canada.|eauthor, |eissuing body. |
| 245 | 10|aMid-air collision, York Regional Police, DJI Matrice M210 (remotely piloted aircraft), C-2105569275, and Canadian Flyers International Inc., Cessna 172N, C-GKWL, Toronto/Buttonville Municipal Airport, Ontario, 1.2 NM NW, 10 August 2021. |
| 264 | 1|aGatineau QC : |bTransportation Safety Board of Canada = Bureau de la sécurité des transports du Canada, |c2023. |
| 264 | 4|c©2023 |
| 300 | |a1 online resource (29 pages) : |bcolour illustrations. |
| 336 | |atext|btxt|2rdacontent |
| 337 | |acomputer|bc|2rdamedia |
| 338 | |aonline resource|bcr|2rdacarrier |
| 490 | 1 |aAir transportation safety investigation report ; |vA21O0069 |
| 500 | |aIssued also in French under title: Collision en vol, DJI Matrice M210 (aéronef télépiloté), C-2105569275, Police régionale de York, et Cessna 172N, C-GKWL, Canadian Flyers International Inc., aéroport municipal de Toronto/Buttonville (Ontario), 1,2 NM NW, 10 août 2021. |
| 500 | |a"Released 19 January 2023." |
| 504 | |aIncludes bibliographical references. |
| 650 | 0|aAircraft accidents|xInvestigation|zOntario|zMarkham. |
| 650 | 0|aDrone aircraft|xAccidents|xInvestigation|zOntario|zMarkham. |
| 775 | 08|tCollision en vol, DJI Matrice M210 (aéronef télépiloté), C-2105569275, Police régionale de York, et Cessna 172N, C-GKWL, Canadian Flyers International Inc., aéroport municipal de Toronto/Buttonville (Ontario), 1,2 NM NW, 10 août 2021.|w(CaOODSP)9.918958 |
| 830 | #0|aAir transportation safety investigation brief ;|vA21O0069.|w(CaOODSP)9.845270 |
| 856 | 40|qPDF|s1.10 MB|uhttps://publications.gc.ca/collections/collection_2023/bst-tsb/TU3-10-21-0069-eng-1.pdf |
| 856 | 4 |qHTML|sN/A|uhttps://www.tsb.gc.ca/eng/rapports-reports/aviation/2021/a21o0069/a21o0069.html |